Žiška kráľom Sĺňavy Majstrovstvá Slovenska vo veslovaní prehliadkou skifárov

Bibliographic Details
Main Author: (eje) (Author)
Format: Article
Language:Slovak
ISSN:0139-7001
Subjects:

MARC

LEADER 00000nab a2200000 a 4500
001 vtls000799728
003 SK-MaSNL
005 20260302155631.0
008 180206c2002 xo 0 slo
015 |a SNBRB2002/07-22417 
035 |a CLN000151383 
040 |a SNKBUCL  |b slo  |c SNKBUCL  |e AACR2 
041 0 |a slo 
044 |a xo  |c SK 
080 |a 797.123.093.1(437.6)  |2 UDC-MRF-SK2 
100 0 |a (eje)  |4 aut  |9 838483 
245 1 0 |a Žiška kráľom Sĺňavy  |b Majstrovstvá Slovenska vo veslovaní prehliadkou skifárov  |c [autor] (eje) 
611 1 7 |a Majstrovstvá Slovenska vo veslovaní  |d 2002  |c Piešťany, Slovensko  |2 snkbucl  |9 854389 
650 0 7 |a veslárstvo  |2 snkbucl  |9 3243 
655 7 |a články z novín a časopisov  |2 snkbucl  |9 267496 
773 0 |x 0139-7001  |t Šport  |g Roč. 56, č. 151 (1.7.2002), s. 11 
850 |a Slovenská národná knižnica v Martine 
852 |a SNK  |b KIS3GCP 
958 |a RBX 
999 |c 1372113  |d 1374043